| 000 | 00433cam a2200157ua 4500 | ||
|---|---|---|---|
| 003 | OSt | ||
| 008 | 250129b |||||||| |||| 00| 0 eng d | ||
| 041 | _aeng | ||
| 082 |
_a624.1517 _bCAL/PL |
||
| 100 |
_aClark, David . _97027 |
||
| 245 | _aPlane and geodetic surveying for engineers, Vol.1: Plane surveying / | ||
| 250 | _a1 / | ||
| 260 |
_aNew Delhi : _bC B S Publishers & Distributers , _c1983. |
||
| 300 | _a463 ; . | ||
| 942 | _cBK | ||
| 999 |
_c281 _d281 |
||